000 00881cam a2200265 a 4500
001 14583971
005 20180222084408.0
008 061005s2008 caua 001 0ceng
010 _a 2006051433
020 _a0805382879
020 _a9780805382877
020 _a0805382860 (set)
020 _a9780805382860 (set)
035 _a(OCoLC)ocm72799913
040 _aDLC
_cDLC
_dYDX
_dYDXCP
_dBAKER
_dBTCTA
_dDLC
041 _aeng
080 _a612 STA
082 0 0 _a612 STA
_222
100 1 _a7
101 _aANA
245 1 0 _aPrinciples of human physiology /
_cCindy L. Stanfield, William J. Germann ; contributors, Mary Jane Niles, Joseph G. Cannon.
906 _a7
_bcbc
_corignew
_d1
_eocip
_f20
_gy-gencatlg
942 _2ddc
_cBK
999 _c43218
_d43218